|
|
|
|
| LEADER |
00000nam a2200000Ia 4500 |
| 008 |
160125b1999 ag ||||| |||| 00| | spa d |
| 020 |
|
|
|a 950-23-0961-8
|
| 090 |
|
|
|a 06.02.03
|b 1057
|
| 110 |
2 |
|
|9 1298
|a Universidad de Buenos Aires
|
| 245 |
1 |
0 |
|a Estudios para la reforma curricular de la Universidad de Buenos Aires
|
| 260 |
|
|
|a Buenos Aires, Argentina :
|b Editorial Universitaria de Buenos Aires,
|c 1999
|
| 300 |
|
|
|a 96 páginas
|
| 650 |
1 |
4 |
|a REFORMA DE LA EDUCACIÓN
|9 7
|
| 650 |
1 |
4 |
|9 8
|a EDUCACIÓN SUPERIOR
|
| 650 |
1 |
4 |
|a CURRÍCULO (EDUCACIÓN)
|9 342
|
| 650 |
1 |
4 |
|a INGENIERÍA
|9 1299
|
| 650 |
1 |
4 |
|a MERCADO DE TRABAJO
|9 571
|
| 650 |
1 |
4 |
|a ESTUDIANTES UNIVERSITARIOS
|9 481
|
| 650 |
1 |
4 |
|a DEMANDA DE MANO DE OBRA
|9 1300
|
| 942 |
|
|
|i 001772
|h 06.02.03 1057
|2 z
|c 01
|
| 999 |
|
|
|c 329
|d 329
|